000 00585nam a22002297a 4500
003 UA-OsUOA
001 103903
007 ta
008 20131125b un ||||| |||| 00| 0 ukr d
100 _aФолкнер У.
090 _a821.161.1
_bФ75
942 _cBK
040 _aUA-OsUOA
_brus
_cUA-OsUOA
_dUA-OsUOA
245 _aСобрание рассказов
300 _a632 с.
955 _a3
041 _arus
080 _a821.161.1
260 _aМ.
_bНаука
_c1978
650 7 _a82 Література. Літературознавство
_2UDC
999 _c390429
_d390429